Science Quiz

Random Science or Math Quiz

Math Typing Challenge Quiz Stats

 Plays Quiz Updated Jul 16, 2016

Challenge
Share
Tweet
Embed
Score 0/36 Timer 01:00
2 Plays Today
Math Word Type It % Correct
????
100%
????
99.2%
????
98.2%
????
97.7%
????
97.2%
????
96.9%
????
96.5%
????
96.2%
????
95.8%
????
95.5%
????
95.2%
????
94.8%
????
94.3%
????
93.7%
????
93.2%
????
92.3%
????
91.3%
????
89.7%
Math Word Type It % Correct
????
88.2%
????
86.4%
????
84.2%
????
82%
????
78.9%
????
75.8%
????
70.8%
????
65.2%
????
58.3%
????
51.7%
????
47.3%
????
40.6%
????
34.3%
????
28.5%
????
21.4%
????
15.1%
????
10.3%
????
6.6%

You're not logged in!

Compare scores with friends on all Sporcle quizzes.
OR
Log In

You Might Also Like...

Show Comments

Extras

Top Quizzes Today


Score Distribution

Your Account Isn't Verified!

In order to create a playlist on Sporcle, you need to verify the email address you used during registration. Go to your Sporcle Settings to finish the process.

Report this User

Report this user for behavior that violates our Community Guidelines.

Details: